000 01411nam a2200253Ia 4500
999 _c56133
_d56133
001 23234
003 GE_BSU
005 20230508110705.0
008 181216s1990||||ge |||||||||||||| ||geo||
040 _cGE_BSU
041 _ageo
080 _a94(479.22) ბ-57
100 _aბერძენიშვილი, ნიკოლოზ
_91447
245 _aსაქართველოს ისტორიის საკითხები :
_b[მასალები საქ. ისტ. გეოგრაფიისათვის] /
_cნიკო ბერძენიშვილი; საქ. სსრ მეცნ. აკად., ისტორიის, არქეოლ. და ეთნოგრ. ინ-ტი.
264 _aთბილისი :
_bმეცნიერება,
_c1990.
300 _a691 გვ.;
_b22 სმ.
504 _aგეოგრ. საძიებელი: გვ. 654-690.
541 _h10 ლ.
653 _aსაქართველოს ახალი ისტორია
653 _aსაქართველოს ისტორიული გეოგრაფია
700 _aბერძენიშვილი, დ.
_eწინასიტყვაობის ავტორი. რედაქტორი.
_91470
700 _aხურცილავა, მ.
_eმხატვარი
_918019
942 _cBK
_2udc